| 000 | 00847nam a2200229 a 4500 | ||
|---|---|---|---|
| 001 | 000025479 | ||
| 005 | 20260527074041.0 | ||
| 008 | 110217s1998 dr r 000 0 spa d | ||
| 040 |
_aDO-SdBNP _bspa _cBNPHU |
||
| 082 |
_a324.27293 _bS487d |
||
| 100 | 1 |
_aSerrano García, Eligio, _cGabriel _952114 |
|
| 245 | 1 | 0 |
_aDesde la independencia hacia el PRD : _banálisis socio-histórico / _cEligio Serrano García. |
| 260 |
_a[Santo Domingo] : _bValdez, _c1998. |
||
| 300 |
_a257 p. ; _c21 cm. |
||
| 504 | _aBibliografía : p. 244-257. | ||
| 590 | _aInventariado, 2018/BT | ||
| 610 | 2 | 0 |
_aPartido Revolucionario Dominicano _95214 |
| 650 | 0 |
_aPartidos políticos _zRepública Dominicana _9285 |
|
| 651 | 0 |
_aRepública Dominicana _xPolítica y gobierno _945 |
|
| 651 | 4 |
_aRepública Dominicana _xHistoria _9170 |
|
| 910 | _aValidado. Control de calidad. EMS | ||
| 999 |
_c24971 _d24971 |
||